[Event "16th Sants Open 2014"]
[Site "Barcelona ESP"]
[Date "2014.08.28"]
[Round "7.37"]
[White "Baches Garcia, Guillermo"]
[Black "Rodriguez Ferraz, Borja"]
[Result "1/2-1/2"]
[WhiteTitle "IM"]
[WhiteElo "2377"]
[BlackElo "2175"]
[WhiteFideId "2209764"]
[BlackFideId "2256258"]
[EventDate "2014.08.22"]

1. e4 c5 2. Nf3 Nc6 3. d4 cxd4 4. Nxd4 e6 5. Nc3 d6 6. g4 Be7 7. Be3 a6 8. Rg1
h6 9. Qe2 Qc7 10. O-O-O Bd7 11. Nxc6 Bxc6 12. Qd3 Nf6 13. f3 1/2-1/2

[Event "16th Sants Open 2014"]
[Site "Barcelona ESP"]
[Date "2014.08.28"]
[Round "7.38"]
[White "Bergez, Luc"]
[Black "Serarols Mabras, Bernat"]
[Result "1-0"]
[WhiteTitle "IM"]
[WhiteElo "2368"]
[BlackElo "2094"]
[WhiteFideId "606600"]
[BlackFideId "2238276"]
[EventDate "2014.08.22"]

1. b3 e5 2. Bb2 Nc6 3. e3 Nf6 4. Bb5 Bd6 5. Na3 Na5 6. Nc4 Nxc4 7. Bxc4 O-O 8.
Ne2 c6 9. d4 Re8 10. Ng3 exd4 11. Bxd4 Be5 12. Bxe5 Qa5+ 13. c3 Qxe5 14. Qc2 d5
15. Bd3 h5 16. O-O h4 17. Nf5 Bxf5 18. Bxf5 g6 19. Bh3 Ne4 20. c4 dxc4 21. bxc4
Rad8 22. Rad1 a5 23. Bd7 Re7 24. Bg4 Rxd1 25. Rxd1 Kg7 26. Rd4 b5 27. f4 Qc5 28.
Rxe4 Rxe4 29. Qxe4 f5 30. Qd4+ Qxd4 31. exd4 1-0

[Event "16th Sants Open 2014"]
[Site "Barcelona ESP"]
[Date "2014.08.28"]
[Round "7.39"]
[White "Gullaksen, Eirik"]
[Black "Ayala Abenza, Jose Luis"]
[Result "1-0"]
[WhiteTitle "IM"]
[WhiteElo "2361"]
[BlackElo "2056"]
[WhiteFideId "1500945"]
[BlackFideId "2255294"]
[EventDate "2014.08.22"]

1. d4 e6 2. c4 d5 3. Nc3 Nf6 4. Bg5 Be7 5. Qc2 O-O 6. Nf3 b6 7. e3 Bb7 8. Bxf6
Bxf6 9. cxd5 exd5 10. Bd3 h6 11. b4 c5 12. bxc5 bxc5 13. Rb1 cxd4 14. Nxd4 Bxd4
15. exd4 Re8+ 16. Ne2 Ba6 17. O-O Bxd3 18. Qxd3 Nd7 19. Rb7 Qc8 20. Rb4 a5 21.
Rb5 Nf6 22. Nc3 Rd8 23. a4 Qc7 24. Rc5 Qd6 25. Rb1 Qf4 26. g3 Qg4 27. Rbb5 Ne4
28. Rc7 Ng5 29. Nxd5 Qxd4 30. Qxd4 Nf3+ 31. Kg2 Nxd4 32. Ne7+ Kf8 33. Re5 Ra6
34. Nf5 Ne6 35. Rb7 Rc8 36. Rd5 Nd8 37. Rbd7 Ne6 38. Rb5 Rd8 39. Rxd8+ Nxd8 40.
Rb8 Ke8 41. Nxg7+ Kd7 42. Nf5 Rf6 43. Rb5 Nc6 44. Ne3 Re6 45. Nc4 Re4 46. Nxa5
Nd8 47. Nb7 Ne6 48. a5 Kc6 49. Rb6+ Kc7 50. Nd6 1-0

[Event "16th Sants Open 2014"]
[Site "Barcelona ESP"]
[Date "2014.08.28"]
[Round "7.40"]
[White "Hernando Rodrigo, Julio Antonio"]
[Black "Gurrutxaga Telleria, Jose Luis"]
[Result "1-0"]
[WhiteTitle "FM"]
[WhiteElo "2342"]
[BlackElo "2082"]
[WhiteFideId "2208350"]
[BlackFideId "2250578"]
[EventDate "2014.08.22"]

1. d4 Nf6 2. Nf3 c5 3. d5 b5 4. c4 b4 5. b3 g6 6. Bb2 Bg7 7. e4 d6 8. Qc2 O-O 9.
Bd3 Nh5 10. Bxg7 Kxg7 11. a3 Na6 12. Qb2+ Kg8 13. Qd2 e5 14. Qh6 Nf4 15. Ng5 1-0

[Event "16th Sants Open 2014"]
[Site "Barcelona ESP"]
[Date "2014.08.28"]
[Round "7.41"]
[White "Peelen, Piet"]
[Black "Tadevosyan, Galust"]
[Result "1/2-1/2"]
[WhiteTitle "IM"]
[WhiteElo "2303"]
[BlackElo "1864"]
[WhiteFideId "1000403"]
[BlackFideId "13304933"]
[EventDate "2014.08.22"]

1. d4 Nf6 2. Nf3 g6 3. Bg5 Bg7 4. Nbd2 O-O 5. c3 d6 6. e4 h6 7. Bh4 c5 8. dxc5
dxc5 9. Bc4 Nc6 10. a4 Ng4 11. O-O Nge5 12. Nxe5 Nxe5 13. Be2 h5 14. Nc4 Qc7 15.
a5 Be6 16. Qa4 Bd7 17. Qb3 Be6 18. Qa4 Bd7 19. Qb3 Be6 1/2-1/2

[Event "16th Sants Open 2014"]
[Site "Barcelona ESP"]
[Date "2014.08.28"]
[Round "7.42"]
[White "Ekeberg, Carl Fredrik"]
[Black "Liarte Genoves, Sergi"]
[Result "1-0"]
[WhiteTitle "FM"]
[WhiteElo "2294"]
[BlackElo "1815"]
[WhiteFideId "1502654"]
[BlackFideId "22278826"]
[EventDate "2014.08.22"]

1. Nf3 Nf6 2. c4 c5 3. Nc3 d5 4. cxd5 Nxd5 5. d4 e6 6. e4 Nxc3 7. bxc3 cxd4 8.
cxd4 Bb4+ 9. Bd2 Bxd2+ 10. Qxd2 O-O 11. Bc4 Nc6 12. O-O b6 13. Rac1 Na5 14. Bd3
Bb7 15. Qf4 Nc6 16. Qe3 Qe7 17. Bb5 Na5 18. Ne5 Rac8 19. Nc4 Nxc4 20. Bxc4 Rxc4
21. Rxc4 Ba6 22. Rfc1 Bxc4 23. Rxc4 h6 24. g3 Rd8 25. Qc3 Qd6 26. Rc8 Rxc8 27.
Qxc8+ Kh7 28. Qc4 f5 29. exf5 exf5 30. d5 Qe5 31. Qd3 g6 32. d6 Qe1+ 33. Kg2 Qe8
34. d7 Qd8 35. Qd5 Kg7 36. Qe6 Kf8 37. Qxg6 Qxd7 38. Qxh6+ Kg8 39. Qg6+ Kf8 40.
Qf6+ Kg8 41. Qg6+ Kf8 42. h4 Qd5+ 43. Kg1 Qd1+ 44. Kg2 Qd5+ 45. Kh2 Qf3 46. Qf6+
Kg8 47. Qe6+ Kg7 48. Kg1 Qd1+ 49. Kg2 Qg4 50. Qe7+ Kh6 51. Qf6+ Kh7 52. f3 Qh5
53. Qe7+ Kg8 54. Qxa7 Qg6 55. Qb8+ Kf7 56. Qc7+ Kf8 57. Qd8+ Kf7 58. Qd7+ Kf8
59. Qd8+ Kf7 60. Qd5+ Kf8 61. Qe5 Kf7 62. h5 Qxh5 63. g4 Qh6 64. Qxf5+ Ke7 65.
g5 Qh5 66. Qf6+ Kd7 67. g6 Qc5 68. Qf7+ Kc6 69. Qe6+ Kb5 70. f4 Qc2+ 71. Kg3
Qd3+ 72. Kg4 Qd1+ 73. Kg5 Qg1+ 74. Kf6 Ka6 75. f5 Qd4+ 76. Kf7 Qd8 77. g7 Qc7+
78. Kg6 Qg3+ 79. Kh7 Qh3+ 80. Kg8 Qd3 81. f6 Qd8+ 82. Kh7 Qd3+ 83. Kh8 1-0

[Event "16th Sants Open 2014"]
[Site "Barcelona ESP"]
[Date "2014.08.28"]
[Round "7.43"]
[White "O'Donnell, Conor"]
[Black "Pardo Simon, David"]
[Result "0-1"]
[BlackTitle "IM"]
[WhiteElo "2142"]
[BlackElo "2457"]
[WhiteFideId "2504243"]
[BlackFideId "2296276"]
[EventDate "2014.08.22"]

1. e4 g6 2. d4 d6 3. f4 Bg7 4. Nc3 a6 5. Nf3 b5 6. Bd3 Nd7 7. e5 c5 8. Be3 Nh6
9. Qe2 O-O 10. O-O Ng4 11. Bd2 cxd4 12. e6 dxc3 13. exd7 cxd2 14. dxc8=Q Qxc8
15. Nxd2 Bxb2 16. Rae1 Bc3 17. f5 Nf6 18. Rf3 Qc5+ 19. Kh1 Rae8 20. Ref1 e6 21.
fxg6 fxg6 22. Bxg6 hxg6 23. Qd3 Kg7 24. Rg3 g5 25. Nb3 Qe5 26. Re3 Ne4 27. Rxf8
Rxf8 28. Rxe4 Qxe4 29. Qxc3+ e5 0-1

[Event "16th Sants Open 2014"]
[Site "Barcelona ESP"]
[Date "2014.08.28"]
[Round "7.44"]
[White "Go, Benjamin"]
[Black "Munoz Pantoja, Miguel"]
[Result "0-1"]
[BlackTitle "GM"]
[WhiteElo "2133"]
[BlackElo "2451"]
[WhiteFideId "1014560"]
[BlackFideId "3800229"]
[EventDate "2014.08.22"]

1. e4 d5 2. exd5 Qxd5 3. Nc3 Qa5 4. d4 Nf6 5. Bd2 Bg4 6. Be2 Bxe2 7. Qxe2 Nc6 8.
Nf3 O-O-O 9. Nb5 Qb6 10. c4 a6 11. d5 axb5 12. dxc6 Qxc6 13. cxb5 Qe4 14. Be3
Nd5 15. Ng5 Qf5 16. O-O Nxe3 17. Qxe3 e6 18. Rac1 Bd6 19. f4 h6 20. Ne4 Qxb5 21.
a3 Kb8 22. b4 Be7 23. Qc3 Qb6+ 24. Kh1 Rd4 25. Nc5 Rhd8 26. f5 exf5 27. Rxf5
Bxc5 28. bxc5 Rd1+ 29. Rf1 Rxc1 30. Rxc1 Qg6 31. h3 f5 32. Qb2 f4 33. c6 b6 34.
Qe2 Qd3 35. Qg4 g5 36. a4 Ka7 37. Kh2 Qe4 38. Rc3 Rd2 39. Rc1 Qd5 40. Rc3 h5 41.
Qf3 Qxf3 42. Rxf3 Rd4 43. g3 Rxa4 44. gxf4 gxf4 0-1

[Event "16th Sants Open 2014"]
[Site "Barcelona ESP"]
[Date "2014.08.28"]
[Round "7.46"]
[White "Skomorokhin, Roman"]
[Black "Abella Vazquez, Cesar"]
[Result "1-0"]
[WhiteTitle "IM"]
[WhiteElo "2378"]
[BlackElo "2144"]
[WhiteFideId "4112610"]
[BlackFideId "2211610"]
[EventDate "2014.08.22"]

1. d4 d5 2. c4 c6 3. Nf3 Nf6 4. e3 a6 5. Nbd2 b5 6. cxd5 cxd5 7. Bd3 Bb7 8. Nb3
e6 9. Bd2 Bd6 10. Ne5 Nbd7 11. Ba5 Qe7 12. f4 O-O 13. O-O Rfc8 14. Rf3 Ne4 15.
Rh3 Nf8 16. Qh5 f6 17. Ng4 Bc6 18. Nf2 Be8 19. Qf3 f5 20. g4 Rc6 21. Rf1 Rac8
22. Qd1 Bg6 23. Nxe4 dxe4 24. Bb1 Qf7 25. Rg3 Bb8 26. a3 Nd7 27. Ba2 Nf6 28.
gxf5 Bxf5 29. Nc5 Ba7 30. Bd2 Bxc5 31. dxc5 Rxc5 32. Bc3 R5c6 33. Qd4 Kh8 34.
Kh1 Rf8 35. Rfg1 Rc7 36. Qd6 Re7 37. Rxg7 Qh5 38. Qxe7 1-0

[Event "16th Sants Open 2014"]
[Site "Barcelona ESP"]
[Date "2014.08.28"]
[Round "7.47"]
[White "Cervello Tost, Ferran"]
[Black "Sanchez Enriquez, Oscar Gerardo"]
[Result "1/2-1/2"]
[BlackTitle "FM"]
[WhiteElo "2141"]
[BlackElo "2374"]
[WhiteFideId "32006985"]
[BlackFideId "5106311"]
[EventDate "2014.08.22"]

1. Nf3 Nc6 2. d4 d5 3. g3 Bg4 4. Bg2 e6 5. O-O Bxf3 6. exf3 g6 7. c3 Bg7 8. Bf4
Nge7 9. Qd2 Nf5 10. Na3 O-O 11. Nc2 Nd6 12. b3 a5 13. a4 Rb8 14. Na3 Re8 15. Nb5
Qd7 16. Rfe1 Rec8 17. g4 Ra8 18. h4 Na7 19. Nxa7 Rxa7 20. Qe3 b5 21. Be5 Rb8 22.
h5 bxa4 23. Bxg7 Kxg7 24. h6+ Kg8 25. bxa4 Rab7 26. Qe5 1/2-1/2

[Event "16th Sants Open 2014"]
[Site "Barcelona ESP"]
[Date "2014.08.28"]
[Round "7.48"]
[White "Del Amo Carbo, Jordi"]
[Black "Colon Garcia, Enrique"]
[Result "1-0"]
[BlackTitle "FM"]
[WhiteElo "2112"]
[BlackElo "2343"]
[WhiteFideId "2234777"]
[BlackFideId "2285940"]
[EventDate "2014.08.22"]

1. d4 Nf6 2. c4 e6 3. Nc3 Bb4 4. Qc2 O-O 5. Nf3 b6 6. e3 Bb7 7. Bd3 c5 8. a3
cxd4 9. exd4 Bxc3+ 10. Qxc3 Bxf3 11. gxf3 Nc6 12. Rg1 Kh8 13. Bg5 Qc7 14. f4 d5
15. Bxf6 gxf6 16. Bxh7 1-0

[Event "16th Sants Open 2014"]
[Site "Barcelona ESP"]
[Date "2014.08.28"]
[Round "7.49"]
[White "Fernandez Madrid, Carlos"]
[Black "Vidarte Morales, Arturo"]
[Result "1/2-1/2"]
[BlackTitle "IM"]
[WhiteElo "2125"]
[BlackElo "2326"]
[WhiteFideId "2206030"]
[BlackFideId "3800253"]
[EventDate "2014.08.22"]

1. c4 e6 2. Nf3 Nf6 3. g3 d5 4. b3 Be7 5. Bg2 c5 6. O-O Nc6 7. Bb2 d4 8. e3 e5
9. exd4 exd4 10. Re1 O-O 11. Ne5 Nxe5 12. Rxe5 Bd6 13. Re1 Bg4 14. Qc2 Qd7 15.
d3 h5 16. Nd2 Rfe8 17. b4 Rxe1+ 18. Rxe1 Re8 19. Rxe8+ Qxe8 20. Ne4 Nxe4 21.
Bxe4 b6 22. b5 g6 23. Qd2 Qe7 24. Bc1 Be5 25. Qh6 Qf6 26. Qg5 Qxg5 27. Bxg5 Kg7
28. Kf1 f6 29. Bd2 h4 30. f4 Bc7 31. gxh4 f5 32. Bc6 Kh6 33. Be8 Bd8 34. Be1 Bf3
35. Bg3 Kh5 36. Bf7 Kh6 37. Be8 Bc7 38. Kf2 Bg4 39. Bf7 Bd1 40. Be8 Bd6 1/2-1/2

[Event "16th Sants Open 2014"]
[Site "Barcelona ESP"]
[Date "2014.08.28"]
[Round "7.50"]
[White "Sorm, Daniel"]
[Black "Stoeri, Laura"]
[Result "1-0"]
[WhiteTitle "FM"]
[BlackTitle "WFM"]
[WhiteElo "2312"]
[BlackElo "2123"]
[WhiteFideId "5400139"]
[BlackFideId "1304313"]
[EventDate "2014.08.22"]

1. d4 Nf6 2. c4 e6 3. Nc3 Bb4 4. e3 O-O 5. Bd3 d5 6. cxd5 exd5 7. Ne2 Bd6 8. O-O
Re8 9. Bd2 Nbd7 10. Rc1 Bxh2+ 11. Kxh2 Ng4+ 12. Kg3 Ndf6 13. Rh1 g5 14. Nf4
gxf4+ 15. exf4 Kh8 16. Qc2 h5 17. f3 Nh6 18. Kf2 c6 19. f5 Kg7 20. Bxh6+ Kxh6
21. Qd2+ Kg7 22. Qg5+ Kf8 23. Qh6+ Ke7 24. Rce1+ Kd7 25. Rxe8 Nxe8 26. Qxh5 Nd6
27. Qh4 Qxh4+ 28. Rxh4 Kc7 29. Rh8 Rb8 30. g4 Bd7 31. Rxb8 Kxb8 32. f6 Kc7 33.
Kg3 Ne8 34. g5 Kd6 35. f4 a6 36. Na4 Nc7 37. Nc5 Bc8 38. b4 b6 39. Na4 Na8 40.
f5 b5 41. Nc5 Nc7 42. g6 fxg6 43. fxg6 Ne8 44. f7 1-0

[Event "16th Sants Open 2014"]
[Site "Barcelona ESP"]
[Date "2014.08.28"]
[Round "7.51"]
[White "Den Hartog, Marijn"]
[Black "Gomez Jurado, Luis Alberto"]
[Result "0-1"]
[BlackTitle "FM"]
[WhiteElo "2102"]
[BlackElo "2302"]
[WhiteFideId "1046098"]
[BlackFideId "2202107"]
[EventDate "2014.08.22"]

1. e4 c6 2. d4 d5 3. e5 Bf5 4. h4 h5 5. c4 e6 6. Nc3 dxc4 7. Bxc4 Ne7 8. Bg5 Nd7
9. Nf3 f6 10. Be3 Nb6 11. Bd3 Nbd5 12. O-O Qd7 13. Na4 b6 14. a3 Bxd3 15. Qxd3
Nf5 16. Rfc1 Be7 17. Nc3 O-O 18. Ne4 Ndxe3 19. fxe3 c5 20. Rc4 Rad8 21. Rcc1 b5
22. Rxc5 Bxc5 23. Nxc5 Qf7 24. Qxb5 Nxe3 25. Qe2 Nd5 26. exf6 Nf4 27. Qe3 Qxf6
28. Re1 Qg6 29. Ng5 Qc2 30. Qe4 Qxe4 31. Ngxe4 Rfe8 32. g3 Ng6 33. Rd1 Ne5 34.
Kf2 Nc4 35. Ke2 Nxb2 36. Rd2 Nc4 37. Rd3 Nd6 38. Nc3 0-1

[Event "16th Sants Open 2014"]
[Site "Barcelona ESP"]
[Date "2014.08.28"]
[Round "7.52"]
[White "De Marchi, Olivier"]
[Black "Corsino, Gianluca"]
[Result "1-0"]
[WhiteTitle "FM"]
[WhiteElo "2299"]
[BlackElo "2110"]
[WhiteFideId "613517"]
[BlackFideId "816930"]
[EventDate "2014.08.22"]

1. d4 Nf6 2. c4 e6 3. g3 Bb4+ 4. Nd2 Ne4 5. Bg2 Nxd2 6. Bxd2 Qe7 7. Nf3 Bxd2+ 8.
Qxd2 d6 9. Qc3 Nd7 10. O-O e5 11. e4 O-O 12. Rfe1 b6 13. h3 c5 14. d5 g6 15. Nd2
f5 16. exf5 Rxf5 17. Rf1 Qf8 18. Rae1 Rb8 19. h4 Nf6 20. a3 Bd7 21. b4 h6 22.
Bh3 Rh5 23. Bxd7 Nxd7 24. g4 Rxh4 25. Qg3 g5 26. Nf3 Qf6 27. Nxh4 gxh4 28. Qe3
Rf8 29. f4 Qg6 30. Kh1 exf4 31. Rxf4 Rxf4 32. Qxf4 Ne5 33. bxc5 bxc5 34. Rf1 Qg7
35. Rb1 h3 36. Rb8+ Kh7 37. Qf5+ Ng6 38. Qb1 Qf7 39. Rb7 1-0

[Event "16th Sants Open 2014"]
[Site "Barcelona ESP"]
[Date "2014.08.28"]
[Round "7.53"]
[White "Chalmeta Ugas, Ramon"]
[Black "Mazet, Julien"]
[Result "1-0"]
[WhiteTitle "FM"]
[WhiteElo "2292"]
[BlackElo "2088"]
[WhiteFideId "2256339"]
[BlackFideId "617954"]
[EventDate "2014.08.22"]

1. e4 c5 2. Nf3 Nc6 3. Bb5 g6 4. Bxc6 dxc6 5. d3 Bg7 6. h3 e5 7. Nc3 Qe7 8. Be3
Nf6 9. Qd2 Nd7 10. Bh6 Bxh6 11. Qxh6 f6 12. Nh4 Nf8 13. O-O Be6 14. f4 exf4 15.
Rxf4 O-O-O 16. Raf1 Nd7 17. R4f2 Qd6 18. Qe3 Rhe8 19. b3 Bg8 20. Qh6 Qe5 21. Nd1
Qg5 22. Qxg5 fxg5 23. Nf3 h6 24. Ne3 Be6 25. Nh2 Ne5 26. Rf6 Rd7 27. Nf3 Nxf3+
28. R1xf3 Rg7 29. Nc4 Bxc4 30. bxc4 Kd7 31. Kf2 Re6 32. Rf8 Re8 33. R8f6 Re6 34.
Rf8 Re8 35. Ke3 Rxf8 36. Rxf8 Ke7 37. Ra8 a6 38. Rb8 Kf6 39. c3 h5 40. d4 cxd4+
41. cxd4 Rf7 42. d5 cxd5 43. cxd5 g4 44. hxg4 hxg4 45. Kd4 Kg5 46. e5 Rf2 47. e6
Rxg2 48. e7 1-0

[Event "16th Sants Open 2014"]
[Site "Barcelona ESP"]
[Date "2014.08.28"]
[Round "7.54"]
[White "Balague Camps, Marc"]
[Black "Kenneskog, Theodor"]
[Result "0-1"]
[WhiteElo "2085"]
[BlackElo "2285"]
[WhiteFideId "2297914"]
[BlackFideId "1715011"]
[EventDate "2014.08.22"]

1. Nf3 g6 2. c4 Nf6 3. Nc3 d5 4. cxd5 Nxd5 5. Qa4+ Nc6 6. Ne5 Qd6 7. d4 Nb6 8.
Nc4 Nxa4 9. Nxd6+ cxd6 10. Nxa4 Nxd4 11. Kd2 Bd7 12. Nc3 Nb5 13. e4 Nxc3 14.
bxc3 Rc8 15. Bd3 Bh6+ 16. Ke2 Bg7 17. Rb1 b6 18. Rb3 Rxc3 19. Bb2 Rxb3 20. Bxg7
Rxd3 21. Kxd3 Bb5+ 22. Ke3 Rg8 23. Bd4 Kd7 24. Rb1 Bc4 25. Rb4 b5 26. Rb2 a6 27.
Bc3 Rc8 28. Ba5 Be6 29. a3 Rc1 30. Bb4 Bc4 31. Rd2 Ra1 32. Kf4 f6 33. e5 fxe5+
34. Kg5 a5 35. Bxa5 Rxa3 36. Bb6 Ra2 37. Rxa2 Bxa2 38. Ba5 Bd5 39. g3 Kc6 40.
Bb4 Be4 41. Kh6 Kd5 42. h4 Kc4 43. Bd2 b4 44. Kxh7 b3 45. Bc1 Kd3 46. f3 Kc2 0-1

[Event "16th Sants Open 2014"]
[Site "Barcelona ESP"]
[Date "2014.08.28"]
[Round "7.55"]
[White "Diaz Castro, Sergio"]
[Black "Blasco Coll, Andreu"]
[Result "0-1"]
[WhiteElo "2272"]
[BlackElo "2086"]
[WhiteFideId "2250608"]
[BlackFideId "22272836"]
[EventDate "2014.08.22"]

1. e4 c5 2. Nf3 e6 3. g3 Nc6 4. Bg2 d5 5. exd5 exd5 6. O-O Nf6 7. d4 Be7 8. Nc3
O-O 9. dxc5 Bxc5 10. Bg5 Be6 11. Bxf6 Qxf6 12. Nxd5 Qxb2 13. Rb1 Qxa2 14. Ng5
Rad8 15. Qd3 g6 16. Nf6+ Kg7 17. Nh5+ Kh8 18. Qb5 Bd4 19. Nxe6 Qxe6 20. Nf4 Qa2
21. Rbd1 Qxc2 22. Kh1 Qb2 23. Qa4 b5 24. Qa6 Nb8 25. Qb7 a6 26. Rd3 Bg7 27. Rxd8
Rxd8 28. Qxf7 Qf6 29. Qb7 Nd7 30. Rc1 Qb6 31. Qe4 Nf6 32. Qf3 b4 33. h4 b3 34.
Rc6 Qb5 35. Ne6 b2 36. Nxd8 b1=Q+ 37. Kh2 Q1f5 38. Nf7+ Kg8 39. Rxf6 Qxf6 40.
Nh6+ Kf8 41. Qa3+ Ke8 42. Ng4 Qd4 43. Ne3 Be5 44. Nd5 Qxh4+ 45. Kg1 Qg5 0-1

[Event "16th Sants Open 2014"]
[Site "Barcelona ESP"]
[Date "2014.08.28"]
[Round "7.57"]
[White "Aubry, Yannis"]
[Black "Bernat, Ernest"]
[Result "1-0"]
[WhiteElo "2251"]
[BlackElo "2054"]
[WhiteFideId "20642407"]
[BlackFideId "2209985"]
[EventDate "2014.08.22"]

1. c4 Nf6 2. Nc3 c6 3. e4 e5 4. Nf3 d6 5. d4 Nbd7 6. Be2 Be7 7. O-O O-O 8. h3
Re8 9. d5 c5 10. a3 Rf8 11. b4 Ne8 12. Rb1 b6 13. Qc2 Kh8 14. Bd3 Rg8 15. Nd1 g6
16. Ne3 Nef6 17. g4 Rf8 18. Nh2 Ng8 19. Bb2 Bf6 20. Kh1 h6 21. Bc3 Kh7 22. Rg1
Bg5 23. Ng2 Bf6 24. Nf3 Be7 25. Kh2 g5 26. Ne3 Re8 27. Qa4 Nf8 28. bxc5 bxc5 29.
Ba5 Qd7 30. Qc6 Qxc6 31. dxc6 Ne6 32. Nd5 Bd8 33. Bxd8 Rxd8 34. Rb5 Ba6 35. Ra5
Bc8 36. Rb1 Rf8 37. Nb6 Rb8 38. Rxa7 Kg7 39. Rb5 Nf6 40. c7 Rb7 41. Nxc8 Rxb5
42. cxb5 Rxc8 43. b6 Nd7 44. Ba6 1-0

[Event "16th Sants Open 2014"]
[Site "Barcelona ESP"]
[Date "2014.08.28"]
[Round "7.58"]
[White "Tallo Dominguez, Imar"]
[Black "Vigo Allepuz, David"]
[Result "1-0"]
[WhiteElo "2245"]
[BlackElo "2059"]
[WhiteFideId "2283743"]
[BlackFideId "2226715"]
[EventDate "2014.08.22"]

1. e4 e6 2. d4 d5 3. Nd2 dxe4 4. Nxe4 Nf6 5. Bd3 Nbd7 6. Qe2 Be7 7. Nf3 b6 8.
Bd2 Bb7 9. Neg5 Bxf3 10. gxf3 O-O 11. O-O-O c5 12. Rhg1 g6 13. c3 cxd4 14. cxd4
Qc7+ 15. Kb1 e5 16. f4 e4 17. Bc4 Rac8 18. Bb3 Qd6 19. f5 Kg7 20. fxg6 hxg6 21.
h4 a5 22. a3 b5 23. h5 a4 24. Ba2 Nxh5 25. Bb4 Qf6 26. Nxe4 Qf5 27. Bxe7 Rfe8
28. Rg5 1-0

[Event "16th Sants Open 2014"]
[Site "Barcelona ESP"]
[Date "2014.08.28"]
[Round "7.60"]
[White "Serrano Aspa, Pedro"]
[Black "Dalo, Hermes"]
[Result "1/2-1/2"]
[BlackTitle "CM"]
[WhiteElo "2047"]
[BlackElo "2221"]
[WhiteFideId "2226553"]
[BlackFideId "3902544"]
[EventDate "2014.08.22"]

1. d4 Nf6 2. c4 d6 3. Nc3 Nbd7 4. e4 e5 5. d5 g6 6. f3 Bg7 7. Be3 O-O 8. Qd2 Nh5
9. O-O-O f5 10. Be2 f4 11. Bf2 a5 12. g4 Nhf6 13. h4 h6 14. Nh3 Nh7 15. g5 h5
16. Bg1 b6 17. Bf1 Nc5 18. b3 Bd7 19. Rh2 Rf7 20. Kb1 Bf8 21. Qc2 Qc8 22. Nf2
Be7 23. Bh3 Nf8 24. Bxd7 Nfxd7 25. a4 Nb8 26. Kb2 Nba6 27. Nd3 Nxd3+ 28. Qxd3
Nb4 1/2-1/2

[Event "16th Sants Open 2014"]
[Site "Barcelona ESP"]
[Date "2014.08.28"]
[Round "7.61"]
[White "Simon Padros, Emili"]
[Black "Morello, Guido"]
[Result "1-0"]
[WhiteTitle "FM"]
[WhiteElo "2218"]
[BlackElo "2048"]
[WhiteFideId "2205580"]
[BlackFideId "836621"]
[EventDate "2014.08.22"]

1. e4 c5 2. Nc3 g6 3. g3 Bg7 4. Bg2 Nc6 5. f4 d6 6. d3 e6 7. Nf3 Nge7 8. O-O Rb8
9. Bd2 b5 10. Rb1 O-O 11. a3 a5 12. a4 b4 13. Nb5 Nd4 14. c4 Qb6 15. Be3 Rd8 16.
Bxd4 cxd4 17. Qe2 d5 18. exd5 Nf5 19. Rbc1 exd5 20. c5 Qe6 21. Qxe6 Bxe6 22.
Rfe1 Rbc8 23. Ne5 Bxe5 24. Rxe5 h5 25. Bf3 Rc6 26. h3 Rdc8 27. g4 hxg4 28. hxg4
Nh4 29. Nxd4 Rxc5 30. Rxc5 Rxc5 31. Be2 Bd7 32. b3 Kg7 33. Kf2 Rc1 34. Kg3 Rh1
35. Rxd5 Bc8 36. Rb5 f6 37. Rb8 Ba6 38. Ra8 Bxd3 39. Bxd3 Rd1 40. Ne6+ 1-0

[Event "16th Sants Open 2014"]
[Site "Barcelona ESP"]
[Date "2014.08.28"]
[Round "7.62"]
[White "Rojano Alfonso, Carlos"]
[Black "Vilalta Vidal, Javier"]
[Result "1-0"]
[WhiteElo "2213"]
[BlackElo "2017"]
[WhiteFideId "22229507"]
[BlackFideId "2261260"]
[EventDate "2014.08.22"]

1. d4 g6 2. c4 Bg7 3. f3 Nf6 4. e4 d6 5. Nc3 O-O 6. Bg5 c5 7. d5 e6 8. Qd2 Re8
9. O-O-O Qa5 10. Kb1 a6 11. dxe6 Rxe6 12. Nge2 Nc6 13. Nf4 Re5 14. Bxf6 Bxf6 15.
Qxd6 Bg7 16. Nfd5 Be6 17. Ne7+ Nxe7 18. Qxe7 Bxc4 19. Qxb7 Bxa2+ 20. Nxa2 Ree8
21. Bc4 Rab8 22. Qxf7+ Kh8 23. Bb3 c4 24. Rd7 Qe5 25. Qxg7+ Qxg7 26. Rxg7 cxb3
27. Ra7 bxa2+ 28. Kxa2 Red8 29. g4 Rd2 30. Rb1 Rf2 31. Rxa6 Rxf3 32. e5 Re3 33.
e6 Re2 34. h3 Kg7 35. Ka1 Rxe6 36. Ra3 Re4 37. Ka2 Re2 38. Rf3 Re4 39. Rbf1 Re2
40. Rb3 Ra8+ 41. Kb1 Ra7 42. Rc3 Ra5 1-0

[Event "16th Sants Open 2014"]
[Site "Barcelona ESP"]
[Date "2014.08.28"]
[Round "7.63"]
[White "Moreno Martin, Daniel"]
[Black "Martin Perez, Laura"]
[Result "0-1"]
[WhiteElo "2212"]
[BlackElo "2045"]
[WhiteFideId "2270340"]
[BlackFideId "22244735"]
[EventDate "2014.08.22"]

1. e4 e5 2. Nf3 Nc6 3. Bb5 a6 4. Ba4 Nf6 5. O-O b5 6. Bb3 Be7 7. Re1 O-O 8. h3
d6 9. c3 Bb7 10. d4 Re8 11. Nbd2 Bf8 12. d5 Nb8 13. Nf1 Nbd7 14. Ng3 Nc5 15. Bc2
c6 16. b4 Ncd7 17. dxc6 Bxc6 18. Bb3 h6 19. Nh2 Qc7 20. Ng4 Qb7 21. Qd3 Rad8 22.
Nxf6+ Nxf6 23. c4 bxc4 24. Bxc4 d5 25. exd5 Bxd5 26. Bxa6 Qa8 27. Qf1 Bxb4 28.
Rd1 Bc3 29. Be3 Bxa1 30. Rxa1 Bxg2 31. Qxg2 Qxa6 32. Nf5 g6 33. Nxh6+ Kf8 34.
Bc5+ Kg7 35. Nf5+ Kh8 36. Nh6 Qe6 37. Be3 Kg7 38. Qg5 Qxh3 39. Re1 Ne4 40. Qg2
Qxg2+ 41. Kxg2 f5 42. f3 Nf6 43. Bg5 Ra8 44. Re2 Nh7 45. Bc1 Rec8 46. Re1 Rxa2+
47. Kh3 Rcc2 48. Rh1 Rxc1 49. Nxf5+ gxf5 50. Rxc1 Ng5+ 51. Kg3 Ra3 52. Kh4 Nxf3+
53. Kh5 e4 54. Rc3 Ra4 55. Rc4 e3 56. Rxa4 e2 57. Ra1 Kf6 58. Ra6+ Ke5 59. Ra5+
Kf4 60. Ra4+ Kg3 61. Ra1 f4 0-1